Statistiques concernant Culture générale en géologie

Cliquez ici pour prendre le quiz!

Statistiques générales

  • Ce quiz a été pris 10 fois
  • Le résultat moyen est 3 sur 20

Statistiques - réponses

QuestionsRéponses% Correct
La dérive des continents a été inventé par...Alfred Wegener
50%
Buffon en est le père...Géologie
50%
Pourquoi la ville d'Hettange-Grande est célèbre ?Hettangien
30%
La vulcanologie moderne a grandi grâce à eux...Katia et Maurice Kraft
20%
Qui est l'inventeur du principe de superposition ?Nicolas Sténon
20%
Qui a émis l'idée de l'uniformisme ?Charles Lyell
10%
Qui a décrit les foraminifères ?Charles Schlumberger
10%
Ernest Munier-Chalmas a contribué à la description du....Crétacé
10%
Quel est le livre qui raconte l'histoire d'Anomalocaris ?La vie est belle
10%
Un livre célèbre pour les étudiants en géosciences ?Le Roubault
10%
Elle a contribué à démontrer la dérive des continentsMarie Tharp
10%
Pourquoi on retient le nom d'Albert de Lapparent ?Pays de Bray
10%
Quel géologue lorrain a extrait du pétrole en Lorraine ?Pierre-Louis Maubeuge
10%
Quelle crise a affronté Haroun Tazieff ?Soufrière
10%
Quelle période a sa description en allemand ?Trias
10%
L'apprentissage de la géologie aux Etats-Unis a été modifiée par...Zonia Baber
10%
The Stratigraphy of the British Isles l'a fait reconnaître comme une experte..Dorothy Rayner
0%
Un géologue anglais connu pour sa description du gneiss écossaisJohn Sutton
0%
Qui a travaillé sur la pétrologie expérimentale ?Norman Bowen
0%
Nicolas Desmaret est connu pour la description des..volcans d'Auvergne
0%

Distribution des résultats

Percentile par nombre de réponses

% des personnes avec chaque résultat

Votre développement - résultats

Vous n’avez pas pris ce quiz